000 00420nam a2200181Ia 4500
001 13631
005 20260306164815.0
008 260306t2014||||xx |||||||||||||| ||spa||
041 _aESP
082 _a005.1
_bN597
100 _aNystrom, Robert,
_eAUT
245 0 _aGame programming patterns
260 _c2014
300 _a345 páginas :
_c23 cm.
650 _aGEN
654 _aCHU
942 _cLIB
_dJUS
_fJUS
_2ddc
_n
999 _c13631
_d13631